Đang tải...

Diseases of horticultural crops: nematode problems and their management

Chi tiết về thư mục
Tác giả chính: Parvatha Reddy, P
Định dạng: Printed Book
Được phát hành: Jodhpur Scientific Publishers 2013
Những chủ đề:
LEADER 00832nam a22002657a 4500
003 OSt
020 |a 9788172335434 
082 |a 632.3  |b PAR/DI 
100 |a Parvatha Reddy, P 
245 |a Diseases of horticultural crops:  |b nematode problems and their management 
260 |a Jodhpur  |b Scientific Publishers  |c 2013 
300 |a xi, 379p. 
546 |a English 
650 |a Horticultural crops 
650 |a Fruit crops 
650 |a Vegetable crops 
650 |a Ornamental crops 
650 |a Medicinal crops 
650 |a Aromatic crops 
650 |a Plantation crops 
650 |a Spice crops 
650 |a Tuber crops 
942 |2 ddc  |c BK 
999 |c 163927  |d 163927 
952 |0 0  |1 0  |2 ddc  |4 0  |6 632_300000000000000_REDDI  |7 0  |8 Gen  |9 163233  |a KAUCLV  |b KAUCLV  |c GENERAL  |d 2019-04-29  |g 3250.00  |o 632.3 RED/DI  |p 228611  |r 2019-04-29  |w 2019-04-29  |y BK